000 00720 a2200241 4500
020 _a2-216-00853-2
037 _aDe 6731
100 _lFr
_920578
245 _aOrganisation et méthodes administratives, tome 1
260 _aParis
260 _bEd. Foucher
260 _c1992
300 _a304 p.
300 _b29 cm
440 _aBTS bureautique et secrétariat
_920579
630 _a65 - Gestion et organisation de lindustrie, du commerce, de la communication et des transports
_920580
650 _a6 - SCIENCES APPLIQUEES
_920581
650 _asecrétariat : organisation : métier
_920582
700 _aCondamines, Charles
_920583
700 _aTexier, M. H.
_920584
942 _cLIVR
999 _c33950
_d33950